000 00769cam a2200229 i 4500
005 20251211112327.0
008 250721s2002 jo gr 000 0 ara d
020 _a9957020862
082 1 4 _a216.39309565 / ح و ر
100 1 _aالحوراني، ياسرعبد الكريم
_eمؤلف.
245 1 2 _aالوقف و التنمية في الأردن /
_cد. ياسر عبد الكريم الحوراني.
250 _aالطبعة الاولى.
264 3 1 _aعمان :
_bدار مجدلاوي،
_c2002.
300 _a206 صفحة.
650 1 7 _aالوقف.
650 1 7 _aالهبات.
650 1 7 _aالإسلام.
650 1 7 _aالتنمية الإقتصادية.
650 1 7 _aالأردن.
942 _2ddc
_cBK
999 _c41417
_d41417